000 00312nam a22001337a 4500
008 170504b xxu||||| |||| 00| 0 eng d
020 _a9780763755744
041 _aeng
080 _a343.9
100 _a14
101 _aSHJ
245 _aRIGHT AND REALITES OF CRIME JUSTICE
_cBARKAN.S.E
942 _2udc
_cBK
999 _c12668
_d12668